| 000 | 00708nam a2200145Ia 4500 | ||
|---|---|---|---|
| 008 | 171212s9999 xx 000 0 und d | ||
| 020 | _a9781845457853 | ||
| 100 | _aGigliotti, Simone | ||
| 245 |
_cGigliotti, Simone _aThe Train Journey _bTransit, Captivity, and Witnessing in the Holocaust |
||
| 260 |
_bBerghahn Books _c2009 |
||
| 440 | _aWar and Genocide | ||
| 650 | _aHistory | ||
| 650 | _aWorld War, 1939–1945 -- Prisoners and prisons -- Psychological aspects; Holocaust, Jewish (1939–1945) -- Psychological aspects; World War, 1939–1945 -- Personal narratives, Jewish; Railroad trains; Prisoners of war -- Germany; Prisoners of war -- Austria; | ||
| 856 | _uhttp://www.jstor.org/stable/j.ctt9qd53n | ||
| 999 |
_c351435 _d351435 |
||